| 000 | 00417nam a2200157 4500 | ||
|---|---|---|---|
| 001 | 132601 | ||
| 003 | ES-MaACL | ||
| 007 | t| | ||
| 008 | 070214s1974 it r ||||1| ita d | ||
| 100 | 1 |
_aRonchey, Alberto. _999503 |
|
| 245 | 1 | 0 |
_aUltime notizie dall'URSS / _cdi Alberto Ronchey. |
| 250 | _a1ยช ed. | ||
| 260 |
_aMilano : _bGarzanti, _c1974. |
||
| 300 |
_a144 p. ; _c21 cm. |
||
| 852 |
_aES-MaACL _jE-5802 _bR.90207 |
||
| 999 |
_c132601 _d132601 |
||